000 00459nam a2200181Ia 4500
001 24040
005 20260414151017.0
008 260414t2010||||xx |||||||||||||| ||spa||
041 _aESP
082 _a759
_bC76
100 _a[Autor no identificado]
_eAUT
245 0 _aCómo reconocer estilos en la pintura :
_barte y personalidad
260 _c2010
300 _a201 páginas :
_c20 cm.
650 _aABD
654 _aCAU
942 _cLIB
_dJUS
_fJUS
_2ddc
_n
999 _c24040
_d24040